| 000 | 00444nam a22001817a 4500 | ||
|---|---|---|---|
| 003 | MPLRDC | ||
| 005 | 20220104142904.0 | ||
| 008 | 210129b ||||| |||| 00| 0 eng d | ||
| 020 | _a7-80049-321-0 | ||
| 082 | _a192.8 CSLF | ||
| 100 | _a村石利夫著; 杨伯江译 | ||
| 245 |
_a突破人生危机 _c |
||
| 250 | _a一版一刷 | ||
| 260 |
_a _b国际文化出版公司 _c1988 |
||
| 300 | _b平 | ||
| 650 | _a | ||
| 942 |
_cBK _o192.8 CSLF |
||
| 999 |
_c34574 _d34564 |
||